La sicurezza alimentare e la tutela del consumatore europeoe

Detalles Bibliográficos
Autor principal: Giusti, Alessandra
Otros Autores: Cerabona, Alessandra
Formato: Desconocido
Lenguaje:italiano
Publicado: Italia : Fondazione Scuola Forense , 2007
Materias:
Acceso en línea:Acceso restringido

MARC

LEADER 00000ny a22000003n 4500
005 20110609103020.0
008 100514s2007 it 000 0 ita d
035 |a 4919 
040 |a BUS  |d vLex 
090 |c 587  |d 587 
100 1 |a Giusti, Alessandra  
245 1 3 |a La sicurezza alimentare e la tutela del consumatore europeoe  |h [Recurso electrn̤ico]  |c Alessandra Giusti ; Alessandra Cerabona 
256 |a Servicio en ln̕ea 
260 |a Italia :  |b Fondazione Scuola Forense ,  |c 2007 
506 1 |a Contenido solo disponible en los productos indicados  |d vLex Global  |d vLex Global (Academic Edition, excluding Law Schools)  |d vLex Global (U.S. Academic Edition, Law Schools)  |d vLex Global (U.S. Academic Edition, excluding Law Schools)  |d vLex Global (Academic Edition, Law Schools) 
650 0 4 |a Consumidores  |x Proteccin̤ 
650 0 4 |a Consumo (Economa̕ polt̕ica) 
700 1 |a Cerabona, Alessandra 
740 0 |a vLex Libros (Servicios en ln̕ea) 
856 4 0 |u http://vlex.com/source/4919  |z Acceso restringido 
942 |c BOOK 
999 0 |a Consumers  |b Italia